Biblioteca y Centro de Documentación

Comment glisser quelques grains de sable dans les rouages de la spécutation internatinale (Registro nro. 27487)

Detalles MARC
000 -CABECERA
Longitud fija campo de control 01137naa a2200325 c 4500
001 - NÚMERO DE CONTROL
Número de control 27487
003 - IDENTIFICADOR DE NÚMERO DE CONTROL
Identificador del número de control ES-MaCES
005 - FECHA Y HORA DE LA ÚLTIMA TRANSACCIÓN
Fecha y hora de la última transacción 20150929135524.0
008 - CAMPO FIJO DE DESCRIPCIÓN FIJA--INFORMACIÓN GENERAL
Códigos de información de longitud fija   950831n1995 fr ||| | fre d
035 ## - NÚMERO DE CONTROL DEL SISTEMA
Número de control del sistema CES19980014229v
040 ## - FUENTE DE CATALOGACIÓN
Centro catalogador de origen ES-MaCES
Lengua de catalogación spa
Centro transcriptor ES-MaCES
100 1# - ENCABEZAMIENTO PRINCIPAL--NOMBRE PERSONAL
Nombre de persona Eichengreen, Barry
9 (RLIN) 11189
245 10 - MENCIÓN DE TÍTULO
Título Comment glisser quelques grains de sable dans les rouages de la spécutation internatinale
Mención de responsabilidad, etc. Barri Eichengreen, James Tobin et Charles Wyplosz
504 ## - NOTA DE BIBLIOGRAFÍA, ETC.
Nota de bibliografía, etc. Bibliografía: p. 7-8
650 #4 - ASIENTO SECUNDARIO DE MATERIA--TÉRMINO DE MATERIA
Término de materia o nombre geográfico como elemento inicial política comunitaria
9 (RLIN) 30776
650 #4 - ASIENTO SECUNDARIO DE MATERIA--TÉRMINO DE MATERIA
Término de materia o nombre geográfico como elemento inicial Mercado Unico Europeo
9 (RLIN) 30652
650 #4 - ASIENTO SECUNDARIO DE MATERIA--TÉRMINO DE MATERIA
Término de materia o nombre geográfico como elemento inicial mercado financiero
9 (RLIN) 28150
650 #4 - ASIENTO SECUNDARIO DE MATERIA--TÉRMINO DE MATERIA
Término de materia o nombre geográfico como elemento inicial reforma monetaria internacional
9 (RLIN) 28165
650 #4 - ASIENTO SECUNDARIO DE MATERIA--TÉRMINO DE MATERIA
Término de materia o nombre geográfico como elemento inicial moneda
9 (RLIN) 28095
650 #4 - ASIENTO SECUNDARIO DE MATERIA--TÉRMINO DE MATERIA
Término de materia o nombre geográfico como elemento inicial unión monetaria
9 (RLIN) 28170
650 #4 - ASIENTO SECUNDARIO DE MATERIA--TÉRMINO DE MATERIA
Término de materia o nombre geográfico como elemento inicial política monetaria
9 (RLIN) 28101
653 10 - TÉRMINO DE INDEXACIÓN--NO CONTROLADO
Término no controlado Moneda
650 #4 - ASIENTO SECUNDARIO DE MATERIA--TÉRMINO DE MATERIA
9 (RLIN) 26752
Término de materia o nombre geográfico como elemento inicial UE
700 1# - ENCABEZAMIENTO SECUNDARIO--NOMBRE PERSONAL
Nombre de persona Wyplosz, Charles
9 (RLIN) 26404
700 1# - ENCABEZAMIENTO SECUNDARIO--NOMBRE PERSONAL
Nombre de persona Tobin, James
9 (RLIN) 24951
773 0# - ENTRADA DE DOCUMENTO FUENTE
Título Problèmes économiques
Parte(s) relacionada(s) Paris. - Nº 2.429 (21 juin 1995) ; p. 1-8
Número de control del registro relacionado (ES-MaCES)25207
902 ## - CES. TIPO DE DOCUMENTO
Tipodoc (006$c Sirtex) ART Artículo de revista
942 ## - ELEMENTOS KOHA
Fuente de clasificaión o esquema Clasificación propia del CES
Koha [por defecto] tipo de item Artículos (1982-2017)
Parte de clasificación 0.0.

No hay ítems disponibles.

© CES, Consejo Económico y Social de España 2021